| 000 | 01180cam a2200313 a 4500 | ||
|---|---|---|---|
| 001 | 12006352 | ||
| 003 | ARRUPE | ||
| 005 | 20211005091223.0 | ||
| 008 | 000513s1998 enka b 001 0 eng c | ||
| 010 | _a 00304343 | ||
| 015 | _aGB98-X2621 | ||
| 020 | _a0283063076 | ||
| 035 | _a(OCoLC)ocm41218914 | ||
| 040 |
_aPUL _cPUL _dUKM _dDLC |
||
| 050 | 0 | 0 |
_aD521 _b.B75 1998 |
| 082 | 0 | 0 |
_a940.4/1 _221 |
| 100 | 1 |
_aBrown, Malcolm, _d1930- _950253 |
|
| 245 | 1 | 4 |
_aThe Imperial War Museum book of 1918 : _byear of victory / _cMalcolm Brown. |
| 246 | 3 | 0 | _a1918 |
| 260 |
_aLondon : _bSidgwick & Jackson in association with the Imperial War Museum, _c1998. |
||
| 300 |
_axxxiii, 392 p. : _bill. ; _c24 cm. |
||
| 504 | _aIncludes bibliographical references (p. [351]-378) and index. | ||
| 650 | 0 |
_aWorld War, 1914-1918 _xCampaigns. _950260 |
|
| 650 | 0 |
_aWorld War, 1914-1918 _xArmistices. _950256 |
|
| 710 | 2 |
_aImperial War Museum (Great Britain) _950261 |
|
| 906 |
_a7 _bcbc _ccopycat _d3 _encip _f20 _gy-gencatlg |
||
| 942 |
_2lcc _cMONOGRAPH |
||
| 999 |
_c130670 _d130670 |
||